000 00375nam a22001217a 4500
999 _c109546
_d109546
005 20230523094001.0
008 181213b ||||| |||| 00| 0 eng d
040 _cPK-LaUMT
082 _aRHC 297.74
_bIJT-
245 _aIjtama e aam April 1987 taqareer(اجتماع عام اپریل 1987 تقاریر)/
260 _aلاہور:
_bجماعت اسلامی
_c1988
942 _cBK